Statistics for California County Trivia - El Dorado

Click here to take the quiz!

General Stats

  • This quiz has been taken 9 times
  • The average score is 11 of 13

Answer Stats

HintAnswer% Correct
Amador
100%
One of California's 27 originalCounties
100%
Lake on the north eastern borderLake Tahoe
100%
Bordering Counties/StatesNevada
100%
Placer
100%
County SeatPlacerville
100%
Sacramento
100%
Mountain Range in the eastern part of the countySierra Nevada
100%
Alpine
83%
Second Largest CitySouth Lake Tahoe
83%
Largest CityEl Dorado Hills
67%
Major trail that runs from California to WashingtonPacific Crest Trail
50%
U.S. Route that runs through the countyU.S. Route 50
33%

Score Distribution

Percentile by Number Answered

Percent of People with Each Score

Your Score History

You have not taken this quiz